000 00319nam a22001337a 4500
008 170606b xxu||||| |||| 00| 0 eng d
020 _a9780674002746
041 _aeng
080 _a94(100)
100 _a18
101 _aSHH
245 _aA HISTORY OF THE WORLD IN THE 20TH CENTURY
_cGRENVILLE,J.A
942 _2udc
_cBK
999 _c16149
_d16149